Régimen laboral mexicano : enero 2008-enero 2009 /

La colección Sistema de Eruditos Prácticos ofrece, en diversos ámbitos del derecho, compilaciones de leyes mexicanas comentadas, para una fácil y rápida referencia sobre cada rama, actualizadas a través de folletos. En cada caso, se cuenta con la posibilidad de consultar las últimas modificaciones e...

Descripció completa

Guardat en:
Dades bibliogràfiques
Autor corporatiu: México
Altres autors: Sánchez Navarro Navarro, Rafael (comentarios) (comentarios), Rodríguez Canales, Gerardo (actualización) (actualización)
Format: Llibre
Idioma:espanyol
Publicat: México : Legis, 2008, c2008
Edició:4a edición
Col·lecció:(Sistema de Eruditos Prácticos Legis)
Matèries:
Etiquetes: Afegir etiqueta
Sense etiquetes, Sigues el primer a etiquetar aquest registre!

MARC

LEADER 00000nam^a2200000^a^4500
001 000280234
005 20250521000000.0
009 20260310111500.32
020 |a 978-968-5615-39-6 
037 |a Acervo ITESO - Biblioteca 
041 |a ESP 
082 |a 344. 7201  |b MEX 2008 
110 |a México 
240 1 1 |a [Ley Federal del Trabajo] 
245 1 0 |a Régimen laboral mexicano :  |b enero 2008-enero 2009 /  |c Comentarios de R. Sánchez Navarro Navarro ; act. de G. Rodríguez Canales, J.M. Segovia Jiménez ; presen. de Luis Miguel Flórez Saab. 
250 |a 4a edición 
264 4 |a México :  |b Legis,  |c 2008, c2008 
300 |a XLI, 1040 p. +  |e 2 folletos (13, 13 p.) 
336 |a texto  |b txt  |2 rdacontenido 
337 |a sin mediación  |b n  |2 rdamedio 
338 |a volumen  |b nc  |2 rdasoporte 
440 1 |a (Sistema de Eruditos Prácticos Legis) 
520 |a La colección Sistema de Eruditos Prácticos ofrece, en diversos ámbitos del derecho, compilaciones de leyes mexicanas comentadas, para una fácil y rápida referencia sobre cada rama, actualizadas a través de folletos. En cada caso, se cuenta con la posibilidad de consultar las últimas modificaciones en línea, en SECOBI, donde cuentan con la clave de acceso (en la tarjeta plástica); asimismo, también en SECOBI, se puede consultar la edición electrónica de cada libro, disponible en un disco compacto. Contenido de este volumen: 1. Ley Federal del Trabajo; 2. Leyes complementarias; 3. Normas oficiales mexicanas. 
530 |a Existe una edición en formato digital en disco con el mismo título 
649 |a XX 
650 |a Derecho Laboral -  |z México -  |x Leyes y Reglamentos -  |x Tema Principal 
650 |a Derecho Social -  |z México -  |x Leyes y Reglamentos 
650 |a México -  |x Leyes y Reglamentos 
700 |a Sánchez Navarro Navarro, Rafael  |e (comentarios) 
700 |a Rodríguez Canales, Gerardo  |e (actualización) 
910 |a Fondo General 
920 |a Impresos - Libros 
930 |a Colección General 
905 |a 101 
901 |a 0500166721  |b IT1  |c ACC  |u 20250521 
901 |a 0500166720  |b IT2  |c FOL  |u 20250521 
901 |a 0500170584  |b IT2  |c FOL  |u 20250521 
902 |a https://opac.biblio.iteso.mx/vufind/Record/000280234